000
00295nam a2200133Ia 4500
008
230312s9999||||xx |||||||||||||| ||und||
020
_a
0-538-43808-8
082
_a
658.84
_b
KLE-E
100
_a
Kleindl
245
0
_a
E-Commerce Marketing
300
_a
312
650
_a
Management
942
_c
BK
999
_c
14780
_d
14780